| 000 | 00695nam a2200205 i 4500 | ||
|---|---|---|---|
| 001 | 184802 | ||
| 003 | ES-MaACL | ||
| 005 | 20250809063541.0 | ||
| 008 | 160119s1974 sp |||| | spa d | ||
| 080 | _a946.741 Abarán | ||
| 100 | 1 |
_aVilar, Juan Bautista, _d1941-2018 _9114797 |
|
| 245 | 1 | 0 |
_aNotas para una historia de Abarán / _cJuan Bta. Vilar. |
| 260 |
_aMurcia : _bDiputación Provincial, _c1974. |
||
| 300 |
_a8 p. ; _c21 cm. |
||
| 504 | _aBibliografía: p. [8] | ||
| 651 | 7 |
_aAbarán- _xHistoria. _9158515 |
|
| 710 | 1 |
_aMurcia (Provincia). _bDiputación Provincial. _95801 |
|
| 852 |
_aES-MaACL _j1607-F-6 _z. - Dedicatoria autógrafa del autor |
||
| 999 |
_c184802 _d184802 |
||